| 000 -LEADER |
| fixed length control field |
02682cas a2200721 4500 |
| 001 - CONTROL NUMBER |
| control field |
11235378 |
| 003 - CONTROL NUMBER IDENTIFIER |
| control field |
NUST |
| 005 - DATE AND TIME OF LATEST TRANSACTION |
| control field |
20211006101544.0 |
| 008 - FIXED-LENGTH DATA ELEMENTS--GENERAL INFORMATION |
| fixed length control field |
751101c19699999nyubr p 0 a0eng |
| 010 ## - LIBRARY OF CONGRESS CONTROL NUMBER |
| LC control number |
sf 80001517 |
| Canceled/invalid LC control number |
sn 78004941 |
| 015 ## - NATIONAL BIBLIOGRAPHY NUMBER |
| National bibliography number |
011463775 |
| Source |
dnb |
| 016 7# - NATIONAL BIBLIOGRAPHIC AGENCY CONTROL NUMBER |
| Record control number |
011463775 |
| Source |
DE-101 |
| 016 7# - NATIONAL BIBLIOGRAPHIC AGENCY CONTROL NUMBER |
| Record control number |
242254-2 |
| Source |
DE-600 |
| 016 7# - NATIONAL BIBLIOGRAPHIC AGENCY CONTROL NUMBER |
| Record control number |
009181329 |
| Source |
Uk |
| 020 ## - INTERNATIONAL STANDARD BOOK NUMBER |
| International Standard Book Number |
9780486607559 |
| 022 0# - INTERNATIONAL STANDARD SERIAL NUMBER |
| International Standard Serial Number |
0039-2316 |
| ISSN-L |
0039-2316 |
| Source |
1 |
| 030 ## - CODEN DESIGNATION |
| CODEN |
SMTLB5 |
| 032 ## - POSTAL REGISTRATION NUMBER |
| Postal registration number |
856260 |
| Source agency assigning number |
USPS |
| 035 ## - SYSTEM CONTROL NUMBER |
| System control number |
(OCoLC)ocm01766613 |
| 037 ## - SOURCE OF ACQUISITION |
| Source of stock number/acquisition |
Plenum Publishing Corporation, 227 W. 17th St., New York, NY 10011 |
| 038 ## - RECORD CONTENT LICENSOR |
| Staff Name |
Khadija |
| 040 ## - CATALOGING SOURCE |
| Original cataloging agency |
DLC |
| Language of cataloging |
eng |
| Transcribing agency |
MUL |
| Modifying agency |
COO |
| -- |
NSD |
| -- |
DLC |
| -- |
AIP |
| -- |
NSD |
| -- |
AIP |
| -- |
NST |
| -- |
NSD |
| -- |
NST |
| -- |
OCL |
| -- |
CUS |
| -- |
OCLCQ |
| -- |
DLC |
| -- |
OCLCQ |
| -- |
MYG |
| -- |
GUA |
| -- |
NSD |
| -- |
OCLCQ |
| -- |
DEBBG |
| -- |
GBVCP |
| -- |
UKMGB |
| -- |
OCLCQ |
| -- |
OCLCF |
| -- |
IUL |
| -- |
DLC |
| 041 1# - LANGUAGE CODE |
| Language code of text/sound track or separate title |
eng |
| Language code of original |
rus |
| 042 ## - AUTHENTICATION CODE |
| Authentication code |
nsdp |
| -- |
pcc |
| 050 00 - LIBRARY OF CONGRESS CALL NUMBER |
| Classification number |
TA405 |
| Item number |
.P752 |
| 066 ## - CHARACTER SETS PRESENT |
| Alternate G0 or G1 character set |
(N |
| 082 10 - DEWEY DECIMAL CLASSIFICATION NUMBER |
| Classification number |
620.112 |
| Edition number |
11 |
| Author Mark |
HAR |
| 100 ## - MAIN ENTRY--PERSONAL NAME |
| Relator code |
Den Hartog, J. P. |
| 130 0# - MAIN ENTRY--UNIFORM TITLE |
| Linkage |
880-01 |
| Uniform title |
Problemy prochnosti. |
| Language of a work |
English. |
| 9 (RLIN) |
34713 |
| 210 0# - ABBREVIATED TITLE |
| Abbreviated title |
Strength mater. |
| 222 #0 - KEY TITLE |
| Key title |
Strength of Materials |
| 245 10 - TITLE STATEMENT |
| Title |
Strength of Materials. |
| 260 ## - PUBLICATION, DISTRIBUTION, ETC. |
| Place of publication, distribution, etc. |
New York, |
| Name of publisher, distributor, etc. |
Dover, |
| Date of publication, distribution, etc. |
2019. |
| 300 ## - PHYSICAL DESCRIPTION |
| Extent |
volumes |
| Other physical details |
illustrations |
| Dimensions |
28 cm |
| 310 ## - CURRENT PUBLICATION FREQUENCY |
| Current publication frequency |
Bimonthly, |
| Date of current publication frequency |
Jan./Feb. 1997- |
| 321 ## - FORMER PUBLICATION FREQUENCY |
| Former publication frequency |
Monthly, |
| Dates of former publication frequency |
July 1969-Dec. 1996 |
| 336 ## - CONTENT TYPE |
| Content type term |
text |
| Content type code |
txt |
| Source |
rdacontent |
| 337 ## - MEDIA TYPE |
| Media type term |
unmediated |
| Media type code |
n |
| Source |
rdamedia |
| 338 ## - CARRIER TYPE |
| Carrier type term |
volume |
| Carrier type code |
nc |
| Source |
rdacarrier |
| 362 0# - DATES OF PUBLICATION AND/OR SEQUENTIAL DESIGNATION |
| Dates of publication and/or sequential designation |
July 1969- |
| 500 ## - GENERAL NOTE |
| General note |
Published: Springer, <2014-> |
| 510 0# - CITATION/REFERENCES NOTE |
| Name of source |
Chemical abstracts |
| International Standard Serial Number |
0009-2258 |
| 515 ## - NUMBERING PECULIARITIES NOTE |
| Numbering peculiarities note |
Carries vol. numbering and date of the Russian original. |
| 546 ## - LANGUAGE NOTE |
| Language note |
Translated from the Russian original. |
| 563 ## - BINDING INFORMATION |
| Binding note |
PB |
| 588 ## - SOURCE OF DESCRIPTION NOTE |
| Source of description note |
Latest issue consulted: Vol. 46, no. 6 (Nov. 2014). |
| 590 ## - LOCAL NOTE (RLIN) |
| Local note |
SERBIB/SERLOC merged record |
| 650 #0 - SUBJECT ADDED ENTRY--TOPICAL TERM |
| Topical term or geographic name entry element |
Strength of materials |
| Form subdivision |
Periodicals. |
| 9 (RLIN) |
34714 |
| 650 07 - SUBJECT ADDED ENTRY--TOPICAL TERM |
| Topical term or geographic name entry element |
Mechanische Eigenschaft. |
| Source of heading or term |
swd |
| 9 (RLIN) |
34715 |
| 650 07 - SUBJECT ADDED ENTRY--TOPICAL TERM |
| Topical term or geographic name entry element |
Werkstoff. |
| Source of heading or term |
swd |
| 9 (RLIN) |
34716 |
| 650 07 - SUBJECT ADDED ENTRY--TOPICAL TERM |
| Topical term or geographic name entry element |
Zeitschrift. |
| Source of heading or term |
swd |
| 9 (RLIN) |
34717 |
| 650 #7 - SUBJECT ADDED ENTRY--TOPICAL TERM |
| Topical term or geographic name entry element |
Strength of materials. |
| Source of heading or term |
fast |
| Authority record control number or standard number |
(OCoLC)fst01134837 |
| 9 (RLIN) |
563 |
| 655 #7 - INDEX TERM--GENRE/FORM |
| Genre/form data or focus term |
Periodicals. |
| Source of term |
fast |
| Authority record control number |
(OCoLC)fst01411641 |
| 710 2# - ADDED ENTRY--CORPORATE NAME |
| Corporate name or jurisdiction name as entry element |
Consultants Bureau. |
| 9 (RLIN) |
34718 |
| 765 0# - ORIGINAL LANGUAGE ENTRY |
| Linkage |
880-02 |
| Title |
Problemy prochnosti |
| International Standard Serial Number |
0556-171X |
| Record control number |
(DLC)sn 85004956 |
| -- |
(OCoLC)9859225 |
| 776 08 - ADDITIONAL PHYSICAL FORM ENTRY |
| Relationship information |
Online version: |
| Title |
Strength of materials (Online) |
| International Standard Serial Number |
1573-9325 |
| Record control number |
(DLC) 2008233211 |
| -- |
(OCoLC)48472670 |
| 880 0# - ALTERNATE GRAPHIC REPRESENTATION |
| Linkage |
130-01/(N |
| Title |
Проблемы прочности. |
| l |
English. |
| 880 0# - ALTERNATE GRAPHIC REPRESENTATION |
| Linkage |
765-02/(N |
| t |
Проблемы прочности |
| x |
0556-171X |
| w |
(DLC)sn 85004956 |
| -- |
(OCoLC)9859225 |
| 906 ## - LOCAL DATA ELEMENT F, LDF (RLIN) |
| a |
7 |
| b |
cbc |
| c |
serials |
| d |
3 |
| e |
ncip |
| f |
19 |
| g |
n-oclcserc |
| 942 ## - ADDED ENTRY ELEMENTS (KOHA) |
| Source of classification or shelving scheme |
|
| Koha item type |
Book |